[Event "Mistrzostwa Polski Niewidomych"]
[Site "Wagrowiec, ul. Jeziorna 16 OR"]
[Date "2018.??.??"]
[Round "8.1"]
[White "Czajkowski, Adam"]
[Black "Chojnowski, Marcin"]
[Result "1-0"]
[WhiteElo "2223"]
[BlackElo "2094"]
[PlyCount "52"]
[EventDate "2018.??.??"]

1. e4 c5 2. Ne2 Nf6 3. Nbc3 Nc6 4. d4 cxd4 5. Nxd4 d6 6. Bg5 e6 7. Qd2 a6 8.
O-O-O Be7 9. f3 Bd7 10. Be3 b5 11. Nxc6 Bxc6 12. g4 O-O 13. g5 Nd7 14. h4 b4
15. Ne2 d5 16. Nd4 Bb7 17. Qg2 Qa5 18. Kb1 dxe4 19. fxe4 Qe5 20. Bd3 Nc5 21.
Nf3 Bxe4 22. Bxc5 Bxf3 23. Qxf3 Qxc5 24. Qe4 g6 25. h5 Bxg5 26. hxg6 hxg6 {(43)
} 1-0

[Event "Mistrzostwa Polski Niewidomych"]
[Site "Wagrowiec, ul. Jeziorna 16 OR"]
[Date "2018.??.??"]
[Round "8.2"]
[White "Kulpinski, Piotr"]
[Black "Stachanczyk, Jacek"]
[Result "0-1"]
[WhiteElo "1852"]
[BlackElo "2193"]
[PlyCount "123"]
[EventDate "2018.??.??"]

1. d4 d5 2. Nf3 Nf6 3. c4 c6 4. cxd5 cxd5 5. Nc3 Nc6 6. Bf4 Ne4 7. Qb3 e6 8. e3
Nxc3 9. bxc3 Be7 10. Ne5 O-O 11. Nxc6 bxc6 12. Bd3 c5 13. dxc5 Bxc5 14. O-O Re8
15. Be5 Bd7 16. c4 Bc6 17. cxd5 Qxd5 18. Qxd5 Bxd5 19. e4 Bb7 20. Rab1 Red8 21.
Rxb7 $11 Rxd3 22. h3 Rd2 23. Rb2 Rad8 24. Rb5 Bb6 25. a4 Ra2 26. a5 Rxa5 27.
Rxa5 Bxa5 28. Rb1 Bb6 29. Kf1 f6 30. Bg3 Rd2 31. f3 Kf7 32. Re1 Ke7 33. Re2 Rd3
34. Ra2 Kd7 35. Ke2 Rc3 36. Bf2 Rc7 37. Bg3 e5 38. Bf2 Kc8 39. Be1 Kb7 40. Kd3
Rc6 41. Bc3 Bc7 42. Rb2+ Kc8 43. Ra2 Bb6 44. Bd2 g6 45. Rc2 Rxc2 46. Kxc2 Kd7
47. Kb3 Ke6 48. Kc4 Bd4 49. g4 f5 50. gxf5+ gxf5 51. exf5+ Kxf5 52. f4 Ke4 53.
fxe5 Bxe5 54. Bg5 h5 55. Bd2 Bd4 56. Bf4 Bf2 57. Bb8 Kf3 58. Kd3 Kg2 59. Ke2 a5
60. Be5 Bg3 61. Bc3 a4 62. Bb2 0-1

[Event "Mistrzostwa Polski Niewidomych"]
[Site "Wagrowiec, ul. Jeziorna 16 OR"]
[Date "2018.??.??"]
[Round "8.3"]
[White "Bojczewski, Mateusz"]
[Black "Suder, Ryszard"]
[Result "1/2-1/2"]
[WhiteElo "1662"]
[BlackElo "2063"]
[PlyCount "56"]
[EventDate "2018.??.??"]

1. e4 d6 2. d4 Nf6 3. Nc3 g6 4. f4 Bg7 5. Nf3 O-O 6. Be2 c5 7. O-O cxd4 8. Nxd4
Nc6 9. Be3 Ng4 10. Bxg4 Bxg4 11. Nxc6 Bxd1 12. Nxd8 Bxc2 13. Nxb7 Rab8 14. Rac1
Bd3 15. Rfd1 Ba6 16. Na5 Rxb2 17. Bd4 e5 18. fxe5 dxe5 19. Bxa7 Bh6 20. Rb1 Rc2
21. Nd5 Be2 22. Re1 Rxa2 23. Nc6 Bd3 24. Ndb4 Bxb1 25. Nxa2 Bxa2 26. Nxe5 Be6
27. Bd4 Re8 28. Kf2 Bd2 1/2-1/2

[Event "Mistrzostwa Polski Niewidomych"]
[Site "Wagrowiec, ul. Jeziorna 16 OR"]
[Date "2018.??.??"]
[Round "8.4"]
[White "Migala, Andrzej"]
[Black "Dukaczewski, Piotr"]
[Result "0-1"]
[WhiteElo "2030"]
[BlackElo "2221"]
[PlyCount "44"]
[EventDate "2018.??.??"]

1. e4 c5 2. Nf3 Nc6 3. d4 cxd4 4. Nxd4 Nf6 5. Nc3 d6 6. Bg5 e6 7. Qd2 a6 8.
O-O-O h6 9. Bh4 Nxe4 10. Bxd8 Nxd2 11. Rxd2 Kxd8 12. Nb3 Kc7 13. a4 Be7 14. Kb1
d5 15. Be2 Bd7 16. h4 Rac8 17. h5 Rhd8 18. Bf3 Kb8 19. Rhd1 Bb4 20. Re2 Bxc3
21. bxc3 Ne7 22. Kb2 Bxa4 0-1

[Event "Mistrzostwa Polski Niewidomych"]
[Site "Wagrowiec, ul. Jeziorna 16 OR"]
[Date "2018.??.??"]
[Round "8.5"]
[White "Pawelec, Bartosz"]
[Black "Pociejowski, Marek"]
[Result "1-0"]
[WhiteElo "1995"]
[BlackElo "1853"]
[PlyCount "59"]
[EventDate "2018.??.??"]

1. e4 Nf6 2. Nc3 d5 3. e5 Ne4 4. Nce2 Nc6 5. d4 f6 6. f3 Ng5 7. h4 Nf7 8. f4
Bg4 9. Nh3 Qd7 10. Nf2 O-O-O 11. Nxg4 Qxg4 12. g3 f5 13. Qd3 Nb4 14. Qb3 e6 15.
a3 Nc6 16. h5 Be7 17. Qd3 g5 18. Bg2 gxf4 19. Bf3 Qg7 20. gxf4 Rhg8 21. Bd2 Nh6
22. O-O-O Qf7 23. c4 Nb8 24. cxd5 exd5 25. Kb1 c6 26. Rc1 Qe6 27. Bb4 Bxb4 28.
axb4 Ng4 29. b5 Nf2 30. Qa3 1-0

[Event "Mistrzostwa Polski Niewidomych"]
[Site "Wagrowiec, ul. Jeziorna 16 OR"]
[Date "2018.??.??"]
[Round "8.6"]
[White "Wolanski, Michal"]
[Black "Przewoznik, Emil"]
[Result "1-0"]
[WhiteElo "1952"]
[BlackElo "1812"]
[PlyCount "147"]
[EventDate "2018.??.??"]

1. c4 Nf6 2. g3 e6 3. Bg2 d5 4. Nf3 d4 5. O-O Nc6 6. e3 Bc5 7. a3 a5 8. b3 O-O
9. Bb2 e5 10. exd4 exd4 11. d3 Bg4 12. Qc2 Re8 13. Nbd2 Qd7 14. Rfe1 Bh3 15.
Ng5 Bxg2 16. Kxg2 Qf5 17. Nde4 Ba7 18. Nxf6+ Qxf6 19. Nf3 Re6 20. Re2 Rae8 21.
Rae1 Nd8 22. b4 axb4 23. axb4 Nc6 24. Rxe6 fxe6 25. b5 Nb4 26. Qb3 Bc5 27. Ba3
Rf8 28. Qd1 Nc2 29. Bxc5 Nxe1+ 30. Qxe1 Qxf3+ 31. Kg1 Rf7 32. Bxd4 Qxd3 33. Qc3
Qxc3 34. Bxc3 Rf3 35. Bd4 g5 36. Be3 g4 37. Kg2 h5 38. h3 c6 39. hxg4 hxg4 40.
bxc6 bxc6 41. Kf1 e5 42. Ke2 e4 43. Kd2 Kf7 44. Kc3 Rf5 45. Kd4 Ke6 46. Kxe4
Rf7 47. Bc5 Rf5 48. Be3 Rf7 49. Bc5 Kd7 50. Ke5 Rf3 51. Be3 Kc7 52. Ke6 Rf8 53.
Bc5 Ra8 54. Be3 Ra4 55. c5 Rc4 56. Kf5 Kd7 57. Kf6 Rc2 58. Kf5 Rc4 59. Kf6 Re4
60. Kf5 Rc4 61. Kf6 Rc2 62. Kf5 Rc4 63. Kf6 Ke8 64. Ke6 Ra4 65. Kd6 Ra6 66. Kc7
Ra2 67. Kxc6 Ke7 68. Kc7 Ke6 69. c6 Kd5 70. Kb7 Rb2+ 71. Bb6 Rc2 72. c7 Kd6 73.
c8=Q Rxc8 74. Kxc8 1-0

[Event "Mistrzostwa Polski Niewidomych"]
[Site "Wagrowiec, ul. Jeziorna 16 OR"]
[Date "2018.??.??"]
[Round "8.7"]
[White "Debowska, Teresa"]
[Black "Wojcieszyn, Zdzislaw"]
[Result "0-1"]
[WhiteElo "1802"]
[BlackElo "1887"]
[PlyCount "36"]
[EventDate "2018.??.??"]

1. e4 c5 2. d3 g6 3. g3 Bg7 4. Bg2 Nc6 5. Nf3 d6 6. c3 Nf6 7. O-O O-O 8. Re1 e5
9. Bg5 h6 10. Bd2 Be6 11. a4 Qb6 12. c4 Qxb2 13. Nc3 Qb6 14. Rb1 Nb4 15. Nd5
Bxd5 16. exd5 a5 17. Bf1 Qc7 18. Bxb4 axb4 {(38)} 0-1

[Event "Mistrzostwa Polski Niewidomych"]
[Site "Wagrowiec, ul. Jeziorna 16 OR"]
[Date "2018.??.??"]
[Round "8.8"]
[White "Staruch, Roman"]
[Black "Sargalski, Andrzej"]
[Result "1/2-1/2"]
[WhiteElo "1880"]
[BlackElo "1811"]
[PlyCount "41"]
[EventDate "2018.??.??"]

1. e4 e5 2. Nf3 Nc6 3. d4 exd4 4. Nxd4 Bc5 5. c3 Qf6 6. Be3 Nge7 7. Be2 Bb6 8.
O-O O-O 9. Qd2 Qg6 10. Nxc6 Nxc6 11. Bxb6 axb6 12. Qf4 d6 13. Nd2 Ne5 14. Nf3
Nxf3+ 15. Bxf3 Be6 16. a3 Rfe8 17. Rfe1 Ra5 18. e5 d5 19. Qd2 c6 20. Re3 Qg5
21. Rae1 1/2-1/2

[Event "Mistrzostwa Polski Niewidomych"]
[Site "Wagrowiec, ul. Jeziorna 16 OR"]
[Date "2018.??.??"]
[Round "8.9"]
[White "Traczyk, Tadeusz"]
[Black "Hornik, Bronislaw"]
[Result "1/2-1/2"]
[WhiteElo "1817"]
[BlackElo "1797"]
[PlyCount "92"]
[EventDate "2018.??.??"]

1. e4 e6 2. d4 d5 3. Nc3 Bb4 4. e5 c5 5. a3 Bxc3+ 6. bxc3 Nc6 7. Nf3 Nge7 8.
Be3 Nf5 9. Bd3 Nxe3 10. fxe3 c4 11. Be2 Ne7 12. O-O O-O 13. Qd2 b5 14. e4 dxe4
15. Ng5 Bb7 16. Rab1 a6 17. Bxc4 Nf5 18. Nxe6 Qc8 19. Nxf8 bxc4 20. Rxf5 Qxf5
21. Rxb7 Kxf8 22. Qf2 Qe6 23. Qe2 Qd5 24. Rc7 Rb8 25. Qxc4 Qxc4 26. Rxc4 Rb2
27. Kf2 Rxc2+ 28. Ke3 Rxg2 29. Kxe4 Rxh2 30. Kd5 h5 31. Kd6 g5 32. Kc7 g4 33.
d5 g3 34. d6 g2 35. d7 g1=Q 36. d8=Q+ Kg7 37. Qf6+ Kg8 38. Rd4 Qg7 39. c4 Qxf6
40. exf6 Kh7 41. Kb6 Ra2 42. Kxa6 Rxa3+ 43. Kb6 Rb3+ 44. Kc5 Kg6 45. Rh4 Kg5
46. Rh1 h4 {(68)} 1/2-1/2

[Event "Mistrzostwa Polski Niewidomych"]
[Site "Wagrowiec, ul. Jeziorna 16 OR"]
[Date "2018.??.??"]
[Round "8.10"]
[White "Zarow, Zdzislaw"]
[Black "Barnowski, Sylwester"]
[Result "1/2-1/2"]
[WhiteElo "1663"]
[BlackElo "1787"]
[PlyCount "30"]
[EventDate "2018.??.??"]

1. Nf3 f5 2. e3 Nf6 3. b3 e6 4. Bb2 d5 5. d3 c6 6. Nbd2 Bd6 7. Be2 O-O 8. Ne5
Qc7 9. Ndf3 Nbd7 10. Nxd7 Bxd7 11. Qd2 a5 12. h3 Be8 13. Ng5 Bf7 14. Bxf6 gxf6
15. Nxf7 Rxf7 1/2-1/2

[Event "Mistrzostwa Polski Niewidomych"]
[Site "Wagrowiec, ul. Jeziorna 16 OR"]
[Date "2018.??.??"]
[Round "8.11"]
[White "Jagiello, Jerzy"]
[Black "Mettel, Werner"]
[Result "1/2-1/2"]
[WhiteElo "1579"]
[BlackElo "1752"]
[PlyCount "55"]
[EventDate "2018.??.??"]

1. e4 e5 2. Nf3 Nc6 3. Bc4 Be7 4. c3 Nf6 5. d3 d6 6. h3 O-O 7. O-O Na5 8. Bb3
Nxb3 9. axb3 a6 10. Be3 Bd7 11. b4 h6 12. Nbd2 Bb5 13. Qc2 Nh5 14. c4 Bd7 15.
d4 exd4 16. Nxd4 Nf6 17. f4 Re8 18. Qc3 Nh7 19. Bf2 Bf6 20. Bg3 Nf8 21. Rae1
Ng6 22. N2f3 Rf8 23. b3 b6 24. f5 Ne5 25. Nxe5 Bxe5 26. Bxe5 dxe5 27. Nf3 Qf6
28. Rd1 1/2-1/2

[Event "Mistrzostwa Polski Niewidomych"]
[Site "Wagrowiec, ul. Jeziorna 16 OR"]
[Date "2018.??.??"]
[Round "8.12"]
[White "Wyrzykowski, Jozef"]
[Black "Zelajtys, Jozef"]
[Result "1/2-1/2"]
[WhiteElo "1635"]
[BlackElo "1665"]
[PlyCount "91"]
[EventDate "2018.??.??"]

1. c4 Nf6 2. Nc3 c5 3. g3 Nc6 4. Bg2 g6 5. Nf3 Bg7 6. d4 cxd4 7. Nxd4 O-O 8.
Nxc6 dxc6 9. O-O Be6 10. c5 Qa5 11. Na4 Rad8 12. Qc2 b5 13. cxb6 axb6 14. a3 c5
15. Nc3 b5 16. Bd2 c4 17. Nd5 Qa7 18. Nxf6+ Bxf6 19. Bc3 Qc5 20. Bxf6 exf6 21.
Rfd1 Rb8 22. Rd2 b4 23. axb4 Rxb4 24. Qc3 f5 25. e3 Rb3 26. Qf6 Qd6 27. Rc2 Rd3
28. Rcc1 Qb4 29. Bf1 Rd2 30. Qc3 Rxb2 31. Bxc4 Bxc4 32. Qxc4 Qd2 33. Qf1 Re8
34. Rd1 Qb4 35. Rab1 Rb8 36. Rxb2 Qxb2 37. Qd3 Qe5 38. Qd4 Qe4 39. Qxe4 fxe4
40. Rd4 f5 41. Rd7 Rb1+ 42. Kg2 Rb3 43. h3 Rb5 44. h4 h6 45. Re7 Kf8 46. Ra7
1/2-1/2

[Event "Mistrzostwa Polski Niewidomych"]
[Site "Wagrowiec, ul. Jeziorna 16 OR"]
[Date "2018.??.??"]
[Round "8.13"]
[White "Kizym, Lukasz"]
[Black "Stankiewicz, Edward"]
[Result "0-1"]
[WhiteElo "1722"]
[BlackElo "1840"]
[PlyCount "63"]
[EventDate "2018.??.??"]

1. e4 e6 2. d4 d5 3. e5 Nc6 4. Nf3 Nge7 5. c3 Ng6 6. Bd3 Nh4 7. O-O Nxf3+ 8.
Qxf3 Ne7 9. Bg5 h6 10. Bh4 Qd7 11. Nd2 Ng6 12. Bxg6 fxg6 13. Rfe1 Qf7 14. Qxf7+
Kxf7 15. Nf3 Bd7 16. h3 b6 17. b4 g5 18. Bg3 Kg6 19. a4 a5 20. b5 h5 21. Nd2 h4
22. Bh2 Be7 23. f3 Kh6 24. Kf1 Be8 25. Bg1 Bg6 26. Ke2 Rhc8 27. Be3 c6 28. bxc6
Rxc6 29. Rab1 Bxb1 30. Rxb1 Bd8 31. Rb3 Rac8 32. Kd3 0-1

[Event "Mistrzostwa Polski Niewidomych"]
[Site "Wagrowiec, ul. Jeziorna 16 OR"]
[Date "2018.??.??"]
[Round "8.14"]
[White "Filipiak, Rajmund"]
[Black "Baryla, Damian"]
[Result "1/2-1/2"]
[WhiteElo "1706"]
[BlackElo "1811"]
[PlyCount "73"]
[EventDate "2018.??.??"]

1. d4 d5 2. Nf3 Nf6 3. Bf4 Bf5 4. e3 Nh5 5. Bg5 h6 6. Bh4 g5 7. Ne5 Nf6 8. Bg3
Nbd7 9. Bd3 Bxd3 10. Qxd3 Ne4 11. Qb5 Nxg3 12. hxg3 Bg7 13. Qxd5 Nxe5 14. Qxd8+
Rxd8 15. dxe5 Bxe5 16. c3 Kf8 17. Nd2 g4 18. O-O-O Kg7 19. Nc4 Bd6 20. Na5 Rb8
21. Rd5 c5 22. Nc4 Rhd8 23. Rdh5 b5 24. Nxd6 Rxd6 25. Rxc5 a6 26. Rd1 Rf6 27.
Rd2 Rbb6 28. Re5 Rbd6 29. Rxe7 Rxd2 30. Kxd2 Rxf2+ 31. Ke1 Rxb2 32. Re4 h5 33.
a4 Rc2 34. axb5 axb5 35. Re5 Rxc3 36. Rxb5 Rxe3+ 37. Kf2 1/2-1/2

[Event "Mistrzostwa Polski Niewidomych"]
[Site "Wagrowiec, ul. Jeziorna 16 OR"]
[Date "2018.??.??"]
[Round "8.15"]
[White "Hagner, Pawel"]
[Black "Niecko, Stanislaw"]
[Result "1/2-1/2"]
[WhiteElo "1698"]
[BlackElo "1770"]
[PlyCount "50"]
[EventDate "2018.??.??"]

1. d4 Nf6 2. Nf3 c5 3. dxc5 e6 4. Bg5 Bxc5 5. e3 d5 6. c3 Nc6 7. Nbd2 Bd7 8.
Bd3 h6 9. Bh4 Rc8 10. Qe2 Be7 11. Bg3 Qb6 12. Nb3 Na5 13. Nxa5 Qxa5 14. O-O O-O
15. Ne5 Rfd8 16. Bh4 Qc7 17. Ng4 Nxg4 18. Qxg4 Bxh4 19. Qxh4 Qb6 20. Rab1 Bb5
21. Bxb5 Qxb5 22. Rfd1 Qa5 23. a3 Rc4 24. Rd4 Rdc8 25. Qe7 Qc7 1/2-1/2

[Event "Mistrzostwa Polski Niewidomych"]
[Site "Wagrowiec, ul. Jeziorna 16 OR"]
[Date "2018.??.??"]
[Round "8.16"]
[White "Gryglewicz, Tadeusz"]
[Black "Kardasz, Wladyslaw"]
[Result "0-1"]
[WhiteElo "1601"]
[BlackElo "1742"]
[PlyCount "38"]
[EventDate "2018.??.??"]

1. Nf3 c5 2. g3 Nc6 3. Bg2 d5 4. d4 e6 5. Nc3 a6 6. O-O f5 7. Be3 cxd4 8. Nxd4
Nf6 9. a3 Be7 10. f3 O-O 11. Re1 Na5 12. Bf2 e5 13. Nb3 Nc4 14. Rb1 Be6 15. Nc5
Bf7 16. e4 d4 17. N3a4 b5 18. Nd3 bxa4 19. exf5 Bd6 0-1

[Event "Mistrzostwa Polski Niewidomych"]
[Site "Wagrowiec, ul. Jeziorna 16 OR"]
[Date "2018.??.??"]
[Round "8.17"]
[White "Binkowski, Kazimierz"]
[Black "Baryla, Lukasz"]
[Result "1/2-1/2"]
[WhiteElo "1600"]
[BlackElo "1726"]
[PlyCount "30"]
[EventDate "2018.??.??"]

1. c4 e5 2. e4 Nf6 3. d3 Bc5 4. Bg5 d6 5. Nc3 c6 6. h3 Nbd7 7. Be2 b5 8. Nf3 a6
9. O-O O-O 10. d4 exd4 11. Nxd4 Qc7 12. a3 Re8 13. b4 Bxd4 14. Qxd4 c5 15. bxc5
dxc5 1/2-1/2

[Event "Mistrzostwa Polski Niewidomych"]
[Site "Wagrowiec, ul. Jeziorna 16 OR"]
[Date "2018.??.??"]
[Round "8.18"]
[White "Huzarski, Stanislaw"]
[Black "Spychala, Jozefa"]
[Result "1-0"]
[WhiteElo "1758"]
[BlackElo "1493"]
[PlyCount "63"]
[EventDate "2018.??.??"]

1. e4 c5 2. Nf3 d6 3. d4 cxd4 4. Nxd4 Nc6 5. Be3 Nf6 6. f3 e5 7. Nb3 Be6 8. Nc3
a6 9. Be2 Be7 10. O-O O-O 11. Qd2 d5 12. exd5 Nxd5 13. Nxd5 Bxd5 14. Rad1 Bxb3
15. axb3 Qxd2 16. Rxd2 Rad8 17. Bd3 Nb4 18. Bb6 Nxd3 19. Rfd1 Nxb2 20. Rxd8
Nxd1 21. Rxd1 Rc8 22. Rd7 Kf8 23. c4 Bc5+ 24. Bxc5+ Rxc5 25. Rxb7 Rc6 26. Kf2
h5 27. Ke3 f5 28. Kd3 h4 29. Rd7 Rg6 30. c5 Rxg2 31. c6 Rg6 32. c7 1-0

[Event "Mistrzostwa Polski Niewidomych"]
[Site "Wagrowiec, ul. Jeziorna 16 OR"]
[Date "2018.??.??"]
[Round "8.19"]
[White "Bzowski, Grzegorz"]
[Black "Bialas, Stanislaw"]
[Result "1-0"]
[WhiteElo "1621"]
[BlackElo "1477"]
[PlyCount "43"]
[EventDate "2018.??.??"]

1. d4 d5 2. Nf3 Bf5 3. c4 Nf6 4. Qb3 b6 5. e3 e6 6. cxd5 exd5 7. Bb5+ Nbd7 8.
Ne5 Bd6 9. O-O O-O 10. Nxd7 Bxd7 11. Bxd7 Qxd7 12. Nc3 Qf5 13. Bd2 Rfe8 14. h3
Ne4 15. Nxe4 Rxe4 16. Bb4 Rd8 17. Bxd6 Rxd6 18. Rac1 c6 19. Qa4 Rg6 20. Rxc6 h5
21. Rxg6 Qxg6 22. Qd7 1-0

[Event "Mistrzostwa Polski Niewidomych"]
[Site "Wagrowiec, ul. Jeziorna 16 OR"]
[Date "2018.??.??"]
[Round "8.22"]
[White "Wegner, Wieslaw"]
[Black "Malcer, Joanna"]
[Result "0-1"]
[WhiteElo "1704"]
[BlackElo "1567"]
[PlyCount "44"]
[EventDate "2018.??.??"]

1. d4 d5 2. c4 e6 3. Nc3 c6 4. e4 dxe4 5. Nxe4 Nf6 6. Bg5 Be7 7. Qf3 Nxe4 8.
Bxe7 Qxe7 9. Qxe4 Qb4+ 10. Kd1 O-O 11. Rb1 Nd7 12. a3 Qd6 13. c5 Nxc5 14. Qe5
Qxe5 15. dxe5 Rd8+ 16. Kc2 Ne4 17. Nh3 h6 18. Bd3 Nc5 19. Rhd1 Kf8 20. Nf4 Ke7
21. b4 Nd7 22. Rd2 Nxe5 0-1

[Event "Mistrzostwa Polski Niewidomych"]
[Site "Wagrowiec, ul. Jeziorna 16 OR"]
[Date "2018.??.??"]
[Round "8.24"]
[White "Kulik, Roman"]
[Black "Skiera, Edward"]
[Result "1/2-1/2"]
[WhiteElo "1623"]
[BlackElo "1500"]
[PlyCount "58"]
[EventDate "2018.??.??"]

1. d4 d5 2. Nf3 Nf6 3. Bg5 e6 4. e3 Nbd7 5. Nbd2 h6 6. Bh4 Bd6 7. Bd3 c6 8. O-O
O-O 9. Re1 Qc7 10. h3 Re8 11. c4 dxc4 12. Nxc4 Nb6 13. Nxd6 Qxd6 14. Bxf6 gxf6
15. e4 e5 16. dxe5 fxe5 17. Qe2 Be6 18. Qe3 Kg7 19. b3 Rad8 20. Rad1 Qe7 21.
Nh2 Qg5 22. Qxg5+ hxg5 23. Be2 Kf6 24. Bg4 Bxg4 25. Nxg4+ Ke6 26. Ne3 Nc8 27.
Rxd8 Rxd8 28. Rd1 Rxd1+ 29. Nxd1 Ne7 1/2-1/2

[Event "Mistrzostwa Polski Niewidomych"]
[Site "Wagrowiec, ul. Jeziorna 16 OR"]
[Date "2018.??.??"]
[Round "8.25"]
[White "Tobolski, Michal"]
[Black "Lazuka, Jan"]
[Result "1-0"]
[WhiteElo "1536"]
[BlackElo "1274"]
[PlyCount "35"]
[EventDate "2018.??.??"]

1. e4 e5 2. Nf3 Nf6 3. Nc3 Nc6 4. Bc4 Bc5 5. d3 h6 6. a3 O-O 7. O-O d6 8. Be3
Bg4 9. h3 Bxf3 10. Qxf3 Bxe3 11. Qxe3 Nd4 12. Rac1 Re8 13. Nd5 Nxd5 14. Bxd5 c6
15. Ba2 Qf6 16. f4 exf4 17. Rxf4 Qe5 18. Bxf7+ 1-0

[Event "Mistrzostwa Polski Niewidomych"]
[Site "Wagrowiec, ul. Jeziorna 16 OR"]
[Date "2018.??.??"]
[Round "8.28"]
[White "Czarnecki, Zbigniew"]
[Black "Jagiello, Adolf"]
[Result "1-0"]
[WhiteElo "1337"]
[BlackElo "1278"]
[PlyCount "43"]
[EventDate "2018.??.??"]

1. e4 e5 2. Nf3 Nc6 3. Nc3 Nge7 4. Bc4 Ng6 5. d4 d6 6. dxe5 Ncxe5 7. Nxe5 Nxe5
8. Bb3 Be7 9. O-O Bg4 10. f3 Bh5 11. Bf4 h6 12. Kh1 c5 13. a4 c4 14. Bxe5 cxb3
15. Bxg7 bxc2 16. Qxc2 Rg8 17. Bxh6 Bg5 18. Bxg5 Qxg5 19. Rg1 Kd7 20. Nd5 Rac8
21. Qb3 b6 22. a5 1-0

[Event "Mistrzostwa Polski Niewidomych"]
[Site "Wagrowiec, ul. Jeziorna 16 OR"]
[Date "2018.??.??"]
[Round "9.1"]
[White "Wojcieszyn, Zdzislaw"]
[Black "Czajkowski, Adam"]
[Result "1/2-1/2"]
[WhiteElo "1887"]
[BlackElo "2223"]
[PlyCount "63"]
[EventDate "2018.??.??"]

1. d4 Nf6 2. Nf3 g6 3. c4 Bg7 4. Nc3 O-O 5. g3 d6 6. Bg2 Nc6 7. O-O Bd7 8. Bg5
h6 9. Bf4 Re8 10. Qd2 Kh7 11. h3 e5 12. dxe5 dxe5 13. Be3 Be6 14. b3 Qc8 15.
Kh2 Rd8 16. Qc1 Ng8 17. Nd2 Nd4 18. Nde4 c5 19. Qa3 Nc2 20. Qxc5 Nxa1 21. Rxa1
f5 22. Nd6 Qxc5 23. Bxc5 e4 24. Rc1 b6 25. Ba3 Rd7 26. f3 exf3 27. Bxf3 Rad8
28. c5 bxc5 29. Nb7 Rxb7 30. Bxb7 c4 31. bxc4 Bxc4 32. Rc2 1/2-1/2

[Event "Mistrzostwa Polski Niewidomych"]
[Site "Wagrowiec, ul. Jeziorna 16 OR"]
[Date "2018.??.??"]
[Round "9.2"]
[White "Stachanczyk, Jacek"]
[Black "Bojczewski, Mateusz"]
[Result "1/2-1/2"]
[WhiteElo "2193"]
[BlackElo "1662"]
[PlyCount "43"]
[EventDate "2018.??.??"]

1. e4 c5 2. Nc3 Nc6 3. Nf3 d6 4. d4 cxd4 5. Nxd4 Nf6 6. Bg5 e6 7. Qd2 Be7 8.
O-O-O d5 9. Bb5 Bd7 10. exd5 Nxd5 11. Bxe7 Ncxe7 12. Nxd5 Nxd5 13. Bc4 Nb6 14.
Bd3 O-O 15. Rhe1 Rc8 16. Re3 g6 17. Rh3 Qf6 18. Be4 Rc7 19. Qh6 Qg7 20. Qxg7+
Kxg7 21. Ra3 Na4 22. f4 1/2-1/2

[Event "Mistrzostwa Polski Niewidomych"]
[Site "Wagrowiec, ul. Jeziorna 16 OR"]
[Date "2018.??.??"]
[Round "9.3"]
[White "Dukaczewski, Piotr"]
[Black "Pawelec, Bartosz"]
[Result "1-0"]
[WhiteElo "2221"]
[BlackElo "1995"]
[PlyCount "69"]
[EventDate "2018.??.??"]

1. c4 c6 2. Nf3 d5 3. e3 Nf6 4. Qc2 g6 5. b3 Bg7 6. Bb2 O-O 7. Be2 Bf5 8. d3
Na6 9. a3 Rc8 10. Nbd2 Re8 11. O-O Nd7 12. Bxg7 Kxg7 13. e4 dxe4 14. dxe4 Bg4
15. b4 c5 16. Rfd1 e5 17. Qc3 Qe7 18. Rab1 f6 19. Nf1 Nb6 20. b5 Nc7 21. a4 Ne6
22. a5 Nd4 23. Qd3 Nxe2+ 24. Qxe2 Bxf3 25. gxf3 Nd7 26. Rd5 Nf8 27. b6 a6 28.
Rbd1 Rcd8 29. Ne3 Ne6 30. Qd2 Nd4 31. Kg2 Qe6 32. Rxc5 Nxf3 33. Rc7+ Kh8 34.
Qxd8 Ng5 35. Qd7 1-0

[Event "Mistrzostwa Polski Niewidomych"]
[Site "Wagrowiec, ul. Jeziorna 16 OR"]
[Date "2018.??.??"]
[Round "9.4"]
[White "Suder, Ryszard"]
[Black "Wolanski, Michal"]
[Result "1-0"]
[WhiteElo "2063"]
[BlackElo "1952"]
[PlyCount "99"]
[EventDate "2018.??.??"]

1. Nf3 g6 2. d4 c5 3. d5 Bg7 4. e4 d6 5. Nc3 Nf6 6. Bb5+ Bd7 7. a4 O-O 8. O-O
Bxb5 9. axb5 Nbd7 10. Nd2 a6 11. bxa6 Rxa6 12. Rxa6 bxa6 13. Qe2 Qa5 14. Nc4
Qb4 15. Bd2 Nb6 16. Nxb6 Qxb6 17. b3 Ne8 18. Ra1 Nc7 19. Ra2 Nb5 20. Nxb5 Qxb5
21. Kf1 f5 22. Rxa6 Qxe2+ 23. Kxe2 fxe4 24. Ra4 Rf5 25. Rxe4 Kf7 26. Rf4 Rxf4
27. Bxf4 Bd4 28. f3 e6 29. Bxd6 exd5 30. Kd3 Ke6 31. Bf4 Bf6 32. Bh6 Kd6 33. g4
Be7 34. Bg7 Ke6 35. h3 Bd6 36. Bh6 Be7 37. Bd2 Kd6 38. Bf4+ Ke6 39. Bb8 Bf8 40.
Ke3 Bh6+ 41. Kf2 Bf8 42. Kg3 Be7 43. Kf4 Bf6 44. Bc7 Be7 45. Ke3 Bg5+ 46. Kd3
Be7 47. c4 Bf8 48. f4 Kd7 49. Bb8 Ke6 50. f5+ 1-0

[Event "Mistrzostwa Polski Niewidomych"]
[Site "Wagrowiec, ul. Jeziorna 16 OR"]
[Date "2018.??.??"]
[Round "9.5"]
[White "Hornik, Bronislaw"]
[Black "Kulpinski, Piotr"]
[Result "1-0"]
[WhiteElo "1797"]
[BlackElo "1852"]
[PlyCount "115"]
[EventDate "2018.??.??"]

1. e4 c5 2. Nf3 Nc6 3. d4 cxd4 4. Nxd4 g6 5. Bc4 Bg7 6. Nxc6 bxc6 7. O-O Nf6 8.
Nc3 O-O 9. e5 Ne8 10. Bf4 d5 11. exd6 exd6 12. Qd2 d5 13. Rad1 Be6 14. Bb3 a5
15. Na4 Nd6 16. Bxd6 Qxd6 17. c3 Be5 18. f4 Bg7 19. h3 Bf5 20. Bc2 Bxc2 21.
Qxc2 Rfe8 22. Rf3 Re4 23. Qxe4 dxe4 24. Rxd6 exf3 25. g3 Re8 26. Kf2 Bf8 27.
Rd7 Rb8 28. Kxf3 Kg7 29. b3 Re8 30. Ra7 Re1 31. Rxa5 Ra1 32. Nb2 Rc1 33. c4
Rc3+ 34. Ke4 Rxg3 35. Nd3 Rxh3 36. Ne5 f5+ 37. Kd4 c5+ 38. Kd5 Rh4 39. Ra7+ Kg8
40. Nd3 Rh3 41. Nxc5 Bxc5 42. Kxc5 Rf3 43. Kb6 h5 44. c5 h4 45. c6 h3 46. Rd7
h2 47. Rd1 Rc3 48. c7 g5 49. fxg5 f4 50. Kb7 f3 51. c8=Q+ Rxc8 52. Kxc8 Kg7 53.
b4 Kg6 54. b5 Kxg5 55. b6 Kh4 56. b7 Kh3 57. b8=Q Kg2 58. Qb7 1-0

[Event "Mistrzostwa Polski Niewidomych"]
[Site "Wagrowiec, ul. Jeziorna 16 OR"]
[Date "2018.??.??"]
[Round "9.6"]
[White "Chojnowski, Marcin"]
[Black "Sargalski, Andrzej"]
[Result "1-0"]
[WhiteElo "2094"]
[BlackElo "1811"]
[PlyCount "46"]
[EventDate "2018.??.??"]

1. e4 e5 2. Nf3 Nc6 3. Bb5 a6 4. Ba4 Nf6 5. O-O Be7 6. Re1 b5 7. Bb3 d6 8. a4
Bb7 9. c3 O-O 10. d4 exd4 11. cxd4 Na5 12. Bc2 c5 13. Nbd2 Qc7 14. Nf1 Nc4 15.
Ng3 Rfe8 16. d5 Ne5 17. Nxe5 dxe5 18. Nf5 Bd6 19. Bg5 Bc8 20. Nh6+ Kf8 21. Bxf6
gxf6 22. Qh5 Kg7 23. Ra3 Rg8 1-0

[Event "Mistrzostwa Polski Niewidomych"]
[Site "Wagrowiec, ul. Jeziorna 16 OR"]
[Date "2018.??.??"]
[Round "9.7"]
[White "Staruch, Roman"]
[Black "Migala, Andrzej"]
[Result "1/2-1/2"]
[WhiteElo "1880"]
[BlackElo "2030"]
[PlyCount "46"]
[EventDate "2018.??.??"]

1. e4 c5 2. Nf3 d6 3. c3 Nf6 4. Be2 Bd7 5. d3 g6 6. O-O Bg7 7. Re1 O-O 8. Bf1
e5 9. d4 exd4 10. cxd4 cxd4 11. Nxd4 d5 12. e5 Ne4 13. f3 Nc5 14. Nc3 Bc6 15.
b4 Ne6 16. b5 Be8 17. Bb2 a6 18. a4 axb5 19. axb5 Rxa1 20. Bxa1 Qb6 21. Nxd5
Qc5 22. Nf6+ Bxf6 23. exf6 Bxb5 1/2-1/2